000
00213 a2200085 4500
020
_a
978-1857283211
100
_a
Tom Turner
245
_a
andscape Planning And Environmental Impact Design
260
_b
Routledge
_c
1998
999
_c
13112
_d
13112